Normal view
MARC view
Entry Nome pessoal
001 - NÚMERO DE CONTROLE
- campo de controle: 738
003 - IDENTIFICADOR DO NÚMERO DE CONTROLE
- campo de controle: Br
005 - DATA E HORÁRIO DA ÚLTIMA TRANSAÇÃO
- campo de controle: 20250401105950.0
008 - CAMPO DE DADOS FIXOS
- campo de controle de tamanho fixo: a a
035 ## - NÚMERO DE CONTROLE DO SISTEMA
- Número de Controle do Sistema: 99091016184749E16
040 ## - FONTE DA CATALOGAÇÃO
- Instituição da catalogação original: Br
- Instituição que transcreveu o registro: Br
100 1# - CABEÇALHO--NOME PESSOAL
- Nome pessoal: Beauvoir, Simone de,
- Datas associadas ao nome: 1908-1986
400 1# - REMISSIVA VER--NOME PESSOAL
- Nome pessoal: De Beauvoir, Simone,
- Datas associadas ao nome: 1908-1986
400 1# - REMISSIVA VER--NOME PESSOAL
- Nome pessoal: Bertrand, Simone Lucie Ernestine Marie,
- Datas associadas ao nome: 1908-1986
670 ## - FONTE POSITIVA DOS DADOS
- Citação da fonte positiva dos dados: Autora de: O segundo sexo... [1983?]
670 ## - FONTE POSITIVA DOS DADOS
- Citação da fonte positiva dos dados: http://authorities.loc.gov 4/11/2016
- Dados encontrados na fonte localizada no subcampo: (D., rems.)
670 ## - FONTE POSITIVA DOS DADOS
- Citação da fonte positiva dos dados: http://viaf.org/processed/BNF%7C11890854
670 ## - FONTE POSITIVA DOS DADOS
- Citação da fonte positiva dos dados: https://pt.wikipedia.org/wiki/Simone_de_Beauvoir
- Dados encontrados na fonte localizada no subcampo: (Simone Lucie-Ernestine-Marie Bertrand de Beauvoir, mais conhecida como Simone de Beauvoir nasceu em Paris, no dia 9 de janeiro de 1908 e faleceu no dia 14 de abril de 1988, foi uma escritora, intelectual, filósofa existencialista, ativista política, feminista e teórica social francesa)